Catalog

Record Details

Catalog Search



Hard truth : Anna Pigeon  Cover Image Book Book

Hard truth : Anna Pigeon / Nevada Barr.

Barr, Nevada. : (author).

Summary:

Just days after marrying Sheriff Paul Davidson, Anna Pigeon moves to Colorado to assume her new post as district ranger at Rocky Mountain National Park. When two of three children who'd gone missing from a religious retreat reappear, Anna's investigation brings her face-to-face with a paranoid sect--and with a villain so evil, he'll make the hairs on the back of your neck stand on end.

Record details

  • ISBN: 0399152415 (hardcover)
  • ISBN: 9780399152412 (hardcover)
  • ISBN: 0425208419
  • ISBN: 9780425208410
  • Physical Description: 324 pages : map ; 24 cm
  • Publisher: New York : G.P. Putnam's Sons, c2005.

Content descriptions

General Note:
Map on lining papers.
Subject: Pigeon, Anna (Fictitious character).
Rocky Mountain National Park (Colo.) > Fiction.
Women park rangers > Fiction.
Colorado > Fiction.
Genre: Detective and mystery fiction.
Psychological fiction.

Available copies

  • 1 of 1 copy available at scottsboropl.

Holds

  • 0 current holds with 1 total copy.
Show All Copies
Location Call Number / Copy Notes Barcode Shelving Location Status Due Date
scottsboropl F Bar 32269000723919 Adult - Fiction Available -

LDR 00930cam a2200289 a 4500
001117482
003SBPL
00520140703074745.0
008040913s2005 nyub 000 1 eng d
010 . ‡a 2004057295
020 . ‡a0399152415 (hardcover)
020 . ‡a9780399152412 (hardcover)
020 . ‡a0425208419
020 . ‡a9780425208410
035 . ‡a(CONS)117482
035 . ‡a(CPomAG)LMN314642
05000. ‡aPS3552.A73184 ‡bH37 2005
08200. ‡a813/.54 ‡222
1001 . ‡aBarr, Nevada. : ‡eauthor
24510. ‡aHard truth : ‡bAnna Pigeon / ‡cNevada Barr.
260 . ‡aNew York : ‡bG.P. Putnam's Sons, ‡cc2005.
300 . ‡a324 pages : ‡bmap ; ‡c24 cm
336 . ‡atext ‡btxt ‡2rdacontent
337 . ‡aunmediated ‡bn ‡2rdamedia
338 . ‡avolume ‡bnc ‡2rdacarrier
4901 . ‡aAnna Pigeon : ‡vBk 13
500 . ‡aMap on lining papers.
520 . ‡aJust days after marrying Sheriff Paul Davidson, Anna Pigeon moves to Colorado to assume her new post as district ranger at Rocky Mountain National Park. When two of three children who'd gone missing from a religious retreat reappear, Anna's investigation brings her face-to-face with a paranoid sect--and with a villain so evil, he'll make the hairs on the back of your neck stand on end.
650 0. ‡aPigeon, Anna (Fictitious character).
651 0. ‡aRocky Mountain National Park (Colo.) ‡vFiction.
650 0. ‡aWomen park rangers ‡vFiction.
651 0. ‡aColorado ‡vFiction.
655 7. ‡aDetective and mystery fiction. ‡2lcgft
655 7. ‡aPsychological fiction. ‡2lcgft
8001 . ‡aBarr, Nevada. ‡tAnna Pigeon novel. : ‡vBk 13
901 . ‡a117482 ‡bUnknown ‡c117482 ‡tbiblio

Additional Resources